When political transitions work (Record no. 996956)

MARC details
000 -LEADER
fixed length control field 00803nam a2200253Ia 4500
003 - CONTROL NUMBER IDENTIFIER
control field OSt
005 - DATE AND TIME OF LATEST TRANSACTION
control field 20221005091218.0
008 - FIXED-LENGTH DATA ELEMENTS--GENERAL INFORMATION
fixed length control field 221004b |||||||| |||| 00| 0 eng d
020 ## - INTERNATIONAL STANDARD BOOK NUMBER
International Standard Book Number 9780190881856 (hbk)
037 ## - SOURCE OF ACQUISITION
Terms of availability Textual
040 ## - CATALOGING SOURCE
Original cataloging agency CRL
Transcribing agency CRL
Language of cataloging eng
041 ## - LANGUAGE CODE
Source of code eng
Language code of text/sound track or separate title eng
100 ## - MAIN ENTRY--PERSONAL NAME
Personal name Toit Fanie Du Au.
9 (RLIN) 615925
245 #0 - TITLE STATEMENT
Title When political transitions work
Remainder of title reconciliation as interdependence
260 ## - PUBLICATION, DISTRIBUTION, ETC.
Place of publication, distribution, etc. New York
Name of publisher, distributor, etc. Oxford University Press USA
Date of publication, distribution, etc. 2018
300 ## - PHYSICAL DESCRIPTION
Extent xiv,287p.
Dimensions cm.
650 ## - SUBJECT ADDED ENTRY--TOPICAL TERM
Topical term or geographic name entry element POLITICAL SCIENCE
942 ## - ADDED ENTRY ELEMENTS (KOHA)
Classification part W.63, Q8
Koha item type Textual
Source of classification or shelving scheme
Holdings
Withdrawn status Lost status Damaged status Not for loan Home library Current library Date acquired Source of acquisition Total Checkouts Full call number Barcode Date last seen Price effective from Koha item type
        Central Library Central Library 2022-10-05 009, 16/01/2019, Classic Book Service   W.63 Q8 CL1658449 2022-10-05 2022-10-05 Textual
Copyright @ Delhi University Library System